[Event "Roland Gaudet mem"]
[Site "Gatineau CAN"]
[Date "2000.10.03"]
[Round "4"]
[White "Thibault, Mario"]
[Black "Laurin, Jacques"]
[Result "0-1"]
[WhiteElo "1801"]
[BlackElo "1881"]
[PlyCount "120"]
[GameId "2160767911652477"]
[EventDate "2000.09.12"]
[EventType "swiss"]
[EventRounds "5"]
[EventCountry "CAN"]
[SourceTitle "EXT 2005"]
[Source "ChessBase"]
[SourceDate "2004.11.15"]
[SourceVersion "1"]
[SourceVersionDate "2004.11.15"]
[SourceQuality "1"]

1. f4 d6 2. b3 Nf6 3. Bb2 Nc6 4. Nf3 Bg4 5. e3 e5 6. h3 Bxf3 7. Qxf3 e4 8. Qd1 Nd5 9. Qh5 Nde7 10. Be2 d5 11. O-O g6 12. Qh4 d4 13. Qf6 Rg8 14. Bc4 Nd5 15. Qxd8+ Rxd8 16. exd4 Bh6 17. Nc3 Nxf4 18. Nxe4 Kf8 19. Nf6 Nxd4 20. Nxg8 Kxg8 21. Bxd4 Rxd4 22. Rae1 Rxd2 23. Rf2 Rd7 24. Kh2 Nh5 25. Ref1 Bg7 26. Rxf7 Be5+ 27. Kg1 Bd4+ 28. Kh2 Be5+ 29. R7f4+ Kg7 30. g3 Rd2+ 31. Kg1 Nxg3 32. Rf7+ Kh6 33. R1f2 Bd4 34. Kg2 Bxf2 35. Rxf2 Rxf2+ 36. Kxf2 Nf5 37. a4 Kg5 38. Bg8 h5 39. Bf7 Nd6 40. Bd5 c6 41. Bg2 Kf4 42. a5 Ne4+ 43. Ke2 b5 44. axb6 axb6 45. b4 c5 46. bxc5 bxc5 47. Kd3 Nd6 48. Bd5 Kg3 49. Be6 g5 50. Ke3 g4 51. hxg4 hxg4 52. Bd7 Kh4 53. Kf4 g3 54. Bc6 Nb5 55. Bg2 Nd4 56. Ke5 Nxc2 57. Kd6 c4 58. Kc5 Ne3 59. Be4 c3 60. Kd4 c2 0-1

[Event "Roland Gaudet mem"]
[Site "Gatineau CAN"]
[Date "2000.10.03"]
[Round "4"]
[White "Trottier, Stephane"]
[Black "Arsenault, Michel"]
[Result "0-1"]
[WhiteElo "1930"]
[BlackElo "1881"]
[PlyCount "62"]
[GameId "2160767911652478"]
[EventDate "2000.09.12"]
[EventType "swiss"]
[EventRounds "5"]
[EventCountry "CAN"]
[SourceTitle "EXT 2005"]
[Source "ChessBase"]
[SourceDate "2004.11.15"]
[SourceVersion "1"]
[SourceVersionDate "2004.11.15"]
[SourceQuality "1"]

1. Nf3 c5 2. g3 Nc6 3. Bg2 g6 4. O-O Bg7 5. e4 e5 6. d3 Nge7 7. Nbd2 O-O 8. a4 d6 9. Nc4 h6 10. c3 Be6 11. Qe2 Qd7 12. Rd1 f5 13. Bd2 f4 14. d4 exd4 15. Bxf4 Kh7 16. cxd4 Nxd4 17. Nxd4 Bxd4 18. Be3 Nc6 19. Rac1 Rae8 20. b3 Bg4 21. f3 Be6 22. Kh1 b6 23. Qd2 Bxe3 24. Qxe3 Nd4 25. Qd3 d5 26. exd5 Bxd5 27. Rf1 Re2 28. Nd2 Qe6 29. Ne4 Bxb3 30. Rxc5 bxc5 31. Nxc5 Qc4 0-1

[Event "Roland Gaudet mem"]
[Site "Gatineau CAN"]
[Date "2000.10.10"]
[Round "5"]
[White "Arsenault, Michel"]
[Black "Gagnon, Fabien"]
[Result "1-0"]
[WhiteElo "1881"]
[BlackElo "2122"]
[PlyCount "83"]
[GameId "2160767911652479"]
[EventDate "2000.09.12"]
[EventType "swiss"]
[EventRounds "5"]
[EventCountry "CAN"]
[SourceTitle "EXT 2005"]
[Source "ChessBase"]
[SourceDate "2004.11.15"]
[SourceVersion "1"]
[SourceVersionDate "2004.11.15"]
[SourceQuality "1"]

1. c4 e5 2. g3 Nf6 3. Bg2 c6 4. d4 exd4 5. Qxd4 d5 6. cxd5 cxd5 7. Nf3 Nc6 8. Qa4 Bd7 9. O-O Bc5 10. Bg5 O-O 11. Nc3 Ne7 12. Qd1 Ne4 13. Nxd5 Nxg5 14. Nxg5 Nf5 15. Ne4 Be7 16. Qb3 Bc6 17. Rfd1 Qa5 18. Qc3 Qxc3 19. Nexc3 Bd8 20. e4 Ne7 21. Nb4 a5 22. Nxc6 bxc6 23. Na4 f5 24. Rac1 fxe4 25. Bxe4 Rf6 26. Rd7 Kf8 27. Rcd1 Ke8 28. Rb7 g6 29. Rdd7 Re6 30. f3 Re5 31. Rd6 Rc8 32. b3 Bc7 33. Rf6 Bd8 34. Nb2 Nd5 35. Rff7 Nf6 36. Nc4 Re6 37. g4 Ra8 38. g5 Nxe4 39. Rxh7 Be7 40. fxe4 Bc5+ 41. Kg2 Rd8 42. e5 1-0

[Event "Roland Gaudet mem"]
[Site "Gatineau CAN"]
[Date "2000.10.10"]
[Round "5"]
[White "Groleau, Gilles"]
[Black "Thibault, Mario"]
[Result "1-0"]
[WhiteElo "2011"]
[BlackElo "1801"]
[PlyCount "73"]
[GameId "2160767911652480"]
[EventDate "2000.09.12"]
[EventType "swiss"]
[EventRounds "5"]
[EventCountry "CAN"]
[SourceTitle "EXT 2005"]
[Source "ChessBase"]
[SourceDate "2004.11.15"]
[SourceVersion "1"]
[SourceVersionDate "2004.11.15"]
[SourceQuality "1"]

1. e4 c5 2. Nf3 e6 3. Be2 Nc6 4. O-O g6 5. c3 Bg7 6. d4 cxd4 7. cxd4 d5 8. e5 Nge7 9. Nc3 O-O 10. Bg5 a6 11. Qd2 Bd7 12. Rac1 f5 13. exf6 Bxf6 14. Bh6 Bg7 15. Bxg7 Kxg7 16. Bd3 Nf5 17. Bb1 Nh4 18. Nxh4 Qxh4 19. f4 Qf6 20. Rcd1 Ne7 21. Qe3 Nc6 22. g3 Kg8 23. Rfe1 Rfe8 24. Rd2 Qd8 25. Nd1 Rc8 26. Nf2 Ne7 27. Ng4 Nf5 28. Qe5 Rf8 29. Bxf5 Rxf5 30. Nh6+ Kf8 31. Qh8+ Ke7 32. Qxh7+ Kd6 33. Qxg6 Rf6 34. Nf7+ Kc7 35. Qc2+ Kb8 36. Nxd8 Rxc2 37. Rxc2 1-0

[Event "Roland Gaudet mem"]
[Site "Gatineau CAN"]
[Date "2000.10.10"]
[Round "5"]
[White "Laurin, Jacques"]
[Black "Trottier, Stephane"]
[Result "1-0"]
[WhiteElo "1981"]
[BlackElo "1930"]
[PlyCount "59"]
[GameId "2160767911652481"]
[EventDate "2000.09.12"]
[EventType "swiss"]
[EventRounds "5"]
[EventCountry "CAN"]
[SourceTitle "EXT 2005"]
[Source "ChessBase"]
[SourceDate "2004.11.15"]
[SourceVersion "1"]
[SourceVersionDate "2004.11.15"]
[SourceQuality "1"]

1. c4 c5 2. g3 g6 3. Bg2 Bg7 4. Nc3 Nc6 5. Nf3 e6 6. Rb1 d5 7. cxd5 exd5 8. d3 Nge7 9. O-O O-O 10. Bf4 a6 11. Na4 b6 12. Qb3 b5 13. Nxc5 Nd4 14. Nxd4 Bxd4 15. Qc2 Bg4 16. Nb3 Bg7 17. Qd2 Rc8 18. Rbc1 Qb6 19. h3 Be6 20. d4 Nf5 21. e3 Nd6 22. Bxd6 Qxd6 23. Nc5 Rc6 24. Nxe6 Qxe6 25. Rxc6 Qxc6 26. Rc1 Qb6 27. Qc3 Rb8 28. Qc6 Bf8 29. h4 Bd6 30. Qd7 1-0

[Event "Roland Gaudet mem"]
[Site "Gatineau CAN"]
[Date "2000.10.10"]
[Round "5"]
[White "Lemieux, Richard"]
[Black "Lacourse, Guy"]
[Result "1/2-1/2"]
[WhiteElo "1748"]
[BlackElo "1687"]
[PlyCount "102"]
[GameId "2160767911652482"]
[EventDate "2000.09.12"]
[EventType "swiss"]
[EventRounds "5"]
[EventCountry "CAN"]
[SourceTitle "EXT 2005"]
[Source "ChessBase"]
[SourceDate "2004.11.15"]
[SourceVersion "1"]
[SourceVersionDate "2004.11.15"]
[SourceQuality "1"]

1. e4 c5 2. f4 Nc6 3. Nc3 g6 4. Nf3 Bg7 5. Be2 a6 6. d3 e6 7. O-O Nge7 8. Be3 b6 9. Bf2 d5 10. e5 f6 11. d4 cxd4 12. Bxd4 Nxd4 13. Qxd4 fxe5 14. fxe5 O-O 15. Na4 Rb8 16. Rad1 Nf5 17. Qd3 b5 18. Nc5 Qc7 19. b4 Bxe5 20. Nxe5 Qxe5 21. Rf3 Ng7 22. Rxf8+ Kxf8 23. Rf1+ Ke7 24. Qf3 Nf5 25. Qg4 Qd4+ 26. Qxd4 Nxd4 27. Bd3 e5 28. c3 Ne6 29. Nb3 e4 30. Bc2 Rb6 31. Na5 Rd6 32. a4 Bd7 33. axb5 axb5 34. Rd1 Nc7 35. Kf2 Ke6 36. Bb3 Ke5 37. Ke3 Rf6 38. Nb7 Bc6 39. Nc5 Rf8 40. Ra1 Ra8 41. Rf1 Ne6 42. Nxe6 Kxe6 43. Kd4 Ra3 44. Bc2 Ra2 45. Rf2 Bd7 46. g4 h5 47. g5 Ke7 48. Ke3 Bf5 49. Bd1 Rxf2 50. Kxf2 Kd6 51. Ke3 Ke5 1/2-1/2

[Event "Roland Gaudet mem"]
[Site "Gatineau CAN"]
[Date "2000.10.10"]
[Round "5"]
[White "Pilon, Robert"]
[Black "Thomann, Olivier"]
[Result "0-1"]
[WhiteElo "1558"]
[BlackElo "1773"]
[PlyCount "94"]
[GameId "2160767911652483"]
[EventDate "2000.09.12"]
[EventType "swiss"]
[EventRounds "5"]
[EventCountry "CAN"]
[SourceTitle "EXT 2005"]
[Source "ChessBase"]
[SourceDate "2004.11.15"]
[SourceVersion "1"]
[SourceVersionDate "2004.11.15"]
[SourceQuality "1"]

1. d4 Nf6 2. Nf3 g6 3. g3 Bg7 4. Bg2 O-O 5. c4 c5 6. d5 d6 7. Nc3 Nbd7 8. O-O Nb6 9. b3 Nfxd5 10. cxd5 Bxc3 11. Rb1 Bf5 12. Bb2 Bxb2 13. Rxb2 Be4 14. Ng5 Bxg2 15. Kxg2 Qd7 16. e4 Rac8 17. Qe2 c4 18. f4 cxb3 19. axb3 Rc3 20. Rf3 Rc5 21. Rc2 Rfc8 22. Rxc5 Rxc5 23. f5 Qc8 24. fxg6 hxg6 25. Rf2 f6 26. Ne6 Rc3 27. Qg4 Qe8 28. Rf3 Rc2+ 29. Rf2 Rc3 30. Nf4 Kh7 31. Rf3 Rxf3 32. Qh4+ Kg8 33. Kxf3 Nd7 34. Ne6 Ne5+ 35. Kg2 Qb5 36. Qh6 Qe2+ 37. Kh3 Qf1+ 38. Kh4 g5+ 39. Nxg5 fxg5+ 40. Qxg5+ Kf7 41. Qf5+ Qxf5 42. exf5 a5 43. Kh5 b5 44. g4 a4 45. bxa4 bxa4 46. g5 a3 47. Kh6 Kg8 0-1

[Event "Roland Gaudet mem"]
[Site "Gatineau CAN"]
[Date "2000.10.10"]
[Round "5"]
[White "Rose, Richard"]
[Black "Danis, Jacques"]
[Result "1-0"]
[WhiteElo "1772"]
[BlackElo "1758"]
[PlyCount "69"]
[GameId "2160767911652484"]
[EventDate "2000.09.12"]
[EventType "swiss"]
[EventRounds "5"]
[EventCountry "CAN"]
[SourceTitle "EXT 2005"]
[Source "ChessBase"]
[SourceDate "2004.11.15"]
[SourceVersion "1"]
[SourceVersionDate "2004.11.15"]
[SourceQuality "1"]

1. e4 c5 2. Nf3 d6 3. d4 cxd4 4. Nxd4 Nf6 5. Nc3 Nc6 6. Be2 e5 7. Nb3 a5 8. Bg5 Be7 9. a4 Be6 10. O-O O-O 11. Qd2 Bxb3 12. cxb3 Rc8 13. Bc4 Qd7 14. Rad1 Nd4 15. Bxf6 Bxf6 16. Nd5 Bd8 17. h3 Kh8 18. f4 f6 19. f5 b6 20. Nc3 Qc7 21. Rc1 Qc5 22. Kh1 Qb4 23. Qd1 Rxc4 24. bxc4 Rf7 25. Nb5 Be7 26. Nxd4 exd4 27. Qxd4 Qc5 28. Qd5 Rf8 29. Qe6 Qc7 30. Rfd1 g6 31. fxg6 hxg6 32. Rd5 Kg7 33. Rc3 f5 34. exf5 Rf6 35. Qe4 1-0

[Event "Rouyn-Noranda"]
[Site "Rouyn-Noranda CAN"]
[Date "2000.09.30"]
[Round "1"]
[White "Lecomte, Andre"]
[Black "Cossette, Daniel"]
[Result "1/2-1/2"]
[WhiteElo "2004"]
[BlackElo "2013"]
[PlyCount "102"]
[GameId "2160767911644198"]
[EventDate "2000.09.30"]
[EventType "swiss"]
[EventRounds "4"]
[EventCountry "CAN"]

1. e4 c5 2. Nf3 Nc6 3. d4 cxd4 4. Nxd4 g6 5. c4 Bg7 6. Be3 Nf6 7. Nc3 O-O 8. Be2 b6 9. f4 Nxd4 10. Bxd4 d6 11. O-O Bb7 12. Bf3 e5 13. Be3 Rc8 14. Qd3 Re8 15. Rae1 Qe7 16. b3 Bc6 17. Bc1 Qb7 18. fxe5 dxe5 19. Qe2 Red8 20. Rd1 Ne8 21. Bg4 Rb8 22. Bg5 Rd4 23. Nd5 Bxd5 24. cxd5 Rxd1 25. Rxd1 Nd6 26. Qd3 a6 27. a4 b5 28. h3 bxa4 29. bxa4 h6 30. Bh4 Qb4 31. Qxa6 Bf8 32. Bg3 f5 33. exf5 gxf5 34. Bh5 f4 35. Be1 Qb2 36. Qe2 Qxe2 37. Bxe2 Nf5 38. Bf2 Rb2 39. Kf1 e4 40. a5 e3 41. Be1 Bb4 42. Bxb4 Ng3+ 43. Kg1 Nxe2+ 44. Kh2 Rxb4 45. d6 Rd4 46. Rxd4 Nxd4 47. a6 Nc6 48. d7 e2 49. a7 e1=Q 50. a8=Q+ Kf7 51. Qxc6 Qg3+ 1/2-1/2

[Event "Rouyn-Noranda"]
[Site "Rouyn-Noranda CAN"]
[Date "2000.09.30"]
[Round "2"]
[White "Saint-Pierre, Gilles"]
[Black "Laliberte, Jean-Yves"]
[Result "1-0"]
[WhiteElo "1932"]
[BlackElo "1499"]
[PlyCount "99"]
[GameId "2160767911644199"]
[EventDate "2000.09.30"]
[EventType "swiss"]
[EventRounds "4"]
[EventCountry "CAN"]

1. d4 d5 2. c4 e6 3. Nc3 Nf6 4. Bg5 c6 5. Nf3 Be7 6. e3 Nbd7 7. Qc2 a6 8. Bd3 h6 9. Bh4 dxc4 10. Bxc4 Nd5 11. Bxe7 Qxe7 12. O-O b5 13. Bb3 Nxc3 14. Qxc3 Bb7 15. Rac1 O-O 16. Qd3 c5 17. Bc2 f5 18. Nd2 c4 19. Qe2 Qg5 20. f3 Nf6 21. b3 cxb3 22. Bxb3 Bd5 23. Rc5 Bxb3 24. axb3 Nd5 25. f4 Qg4 26. Qxg4 fxg4 27. Kf2 g5 28. g3 gxf4 29. gxf4 Rf5 30. Ne4 Nb4 31. Ke2 Nd5 32. Rg1 Rh5 33. Rxg4+ Kh8 34. h4 Rg8 35. Rxg8+ Kxg8 36. Rxd5 Rxd5 37. Nf6+ Kf7 38. Nxd5 exd5 39. b4 Kf6 40. e4 dxe4 41. Ke3 Kf5 42. h5 Kg4 43. Kxe4 Kxh5 44. d5 Kg6 45. d6 Kf7 46. f5 h5 47. Kf4 h4 48. Kg4 h3 49. Kxh3 Ke8 50. f6 1-0

[Event "Rouyn-Noranda"]
[Site "Rouyn-Noranda CAN"]
[Date "2000.10.01"]
[Round "3"]
[White "Lecomte, Andre"]
[Black "Cossette, Daniel"]
[Result "1-0"]
[WhiteElo "2004"]
[BlackElo "2013"]
[PlyCount "93"]
[GameId "2160767911644200"]
[EventDate "2000.09.30"]
[EventType "swiss"]
[EventRounds "4"]
[EventCountry "CAN"]

1. e4 c5 2. Nf3 Nc6 3. d4 cxd4 4. Nxd4 Nf6 5. Nc3 g6 6. Be2 Bg7 7. Nxc6 bxc6 8. O-O O-O 9. Be3 d5 10. e5 Nd7 11. f4 e6 12. b4 f6 13. exf6 Bxf6 14. Bd4 Bxd4+ 15. Qxd4 Qb6 16. Qxb6 axb6 17. a4 Nf6 18. Bf3 Bd7 19. Rfb1 Rfc8 20. a5 bxa5 21. bxa5 c5 22. a6 Bc6 23. Nb5 Ne8 24. Kf1 Kf7 25. Nc3 Nd6 26. Ke2 Nf5 27. Kd2 Nd4 28. Rb7+ Kf6 29. Rxh7 Nxf3+ 30. gxf3 Rh8 31. Rxh8 Rxh8 32. a7 Rxh2+ 33. Ne2 Rh8 34. Ra6 Ba8 35. Nc3 Rh7 36. Na4 Rb7 37. Nb6 Kf5 38. Nxa8 Kxf4 39. Nb6 Rxa7 40. Rxa7 Kxf3 41. Rg7 d4 42. Rxg6 e5 43. Nc4 e4 44. Rf6+ Kg2 45. Ke2 e3 46. Rg6+ Kh2 47. Nxe3 1-0

[Event "Rouyn-Noranda"]
[Site "Rouyn-Noranda CAN"]
[Date "2000.10.01"]
[Round "4"]
[White "Cossette, Daniel"]
[Black "Lecomte, Andre"]
[Result "1-0"]
[WhiteElo "2013"]
[BlackElo "2004"]
[PlyCount "118"]
[GameId "2160767911644201"]
[EventDate "2000.09.30"]
[EventType "swiss"]
[EventRounds "4"]
[EventCountry "CAN"]

1. e4 c5 2. Ne2 e6 3. g3 d5 4. exd5 Qxd5 5. Rg1 Nf6 6. Nbc3 Qd8 7. d4 cxd4 8. Qxd4 Qxd4 9. Nxd4 a6 10. Bg2 Bb4 11. Bd2 O-O 12. O-O-O Nbd7 13. h3 e5 14. Nb3 Rb8 15. a3 Be7 16. Be3 b5 17. Ba7 Bb7 18. Bxb8 Rxb8 19. Bxb7 Rxb7 20. Nd5 Nxd5 21. Rxd5 f6 22. Re1 Kf7 23. f4 exf4 24. gxf4 Nb6 25. Rd3 f5 26. Nd4 g6 27. Nc6 Bf6 28. Nd8+ Bxd8 29. Rxd8 Nc4 30. Ra8 a5 31. Ree8 a4 32. Rh8 Kg7 33. Rag8+ Kh6 34. Rb8 Re7 35. Rhe8 Rd7 36. Rbd8 Rc7 37. c3 Kh5 38. Kc2 Kh4 39. Rd3 Kh5 40. Kb1 Na5 41. Re5 Rb7 42. Rdd5 Nc4 43. Re6 Kh4 44. Rd3 Kh5 45. Ka2 Kh4 46. Re8 Kh5 47. Red8 h6 48. R8d7 Rb6 49. Re7 Kh4 50. Rh7 Kh5 51. Rdd7 Re6 52. Rb7 Re3 53. Rxb5 Rxh3 54. Rb4 Nd2 55. Rxa4 Ne4 56. Ra6 Rf3 57. a4 Rxf4 58. a5 Nd2 59. b4 Rc4 1-0

[Event "Rouyn-Noranda"]
[Site "Rouyn-Noranda CAN"]
[Date "2000.10.01"]
[Round "4"]
[White "Lecomte, Andre"]
[Black "Bergeron, Michel"]
[Result "1-0"]
[WhiteElo "1890"]
[BlackElo "1670"]
[PlyCount "53"]
[GameId "2160767911644202"]
[EventDate "2000.09.30"]
[EventType "swiss"]
[EventRounds "4"]
[EventCountry "CAN"]

1. e4 c5 2. Nf3 e6 3. d4 cxd4 4. Nxd4 Nf6 5. Nc3 Nc6 6. Be2 d6 7. O-O Be7 8. Be3 O-O 9. f4 Bd7 10. Nb3 a6 11. Bf3 Rb8 12. g4 Be8 13. Kh1 b5 14. g5 Nd7 15. Rg1 Nb6 16. Rg3 Nc4 17. Bc1 a5 18. Ne2 f6 19. Nbd4 Bd7 20. gxf6 Bxf6 21. e5 Nxd4 22. exf6 Nxf3 23. Rxg7+ Kh8 24. Qd3 Ng5 25. fxg5 Bc6+ 26. Kg1 Qb6+ 27. Kf1 1-0

[Event "Select Six"]
[Site "Edmonton CAN"]
[Date "2000.06.02"]
[Round "1"]
[White "Gardner, Robert"]
[Black "Yoos, John"]
[Result "0-1"]
[WhiteElo "2305"]
[BlackElo "2446"]
[PlyCount "186"]
[GameId "2160767911711759"]
[EventDate "2000.06.02"]
[EventType "tourn"]
[EventRounds "5"]
[EventCountry "CAN"]
[SourceTitle "EXT 2017"]
[Source "ChessBase"]
[SourceDate "2016.10.25"]
[SourceVersion "1"]
[SourceVersionDate "2016.10.25"]
[SourceQuality "1"]

1. f4 d5 2. Nf3 g6 3. g3 Bg7 4. Bg2 c5 5. O-O Nc6 6. d3 Nh6 7. e4 O-O 8. h3 e6 9. Qe1 f5 10. Nc3 Nf7 11. exd5 exd5 12. Ng5 d4 13. Nxf7 Rxf7 14. Na4 Re7 15. Qf2 Qd6 16. b3 b5 17. Nb2 Bb7 18. a4 a6 19. axb5 axb5 20. Rxa8+ Bxa8 21. Re1 Bb7 22. Bd2 Kf7 23. Rxe7+ Kxe7 24. Qe2+ Qe6 25. Kf2 Qxe2+ 26. Kxe2 Kd6 27. Bf3 Bc8 28. Kf2 Be6 29. Ke2 Kc7 30. Kf2 Kb6 31. Ke2 Bf6 32. Kf2 Na7 33. Ke2 Nc8 34. Bg2 Nd6 35. Bf3 Bg7 36. Bg2 Nc8 37. Bf3 Ne7 38. Bg2 Nd5 39. Nd1 Bf8 40. Nb2 Bg7 41. Nd1 Nf6 42. Nb2 Nh5 43. Be1 Bf6 44. Bf3 Ng7 45. Bd2 Ne8 46. Bg2 Nd6 47. Bf3 Bd8 48. Bg2 Ka6 49. Bc6 Nc8 50. Bf3 Ne7 51. Bg2 Ba5 52. Bc1 Bb4 53. Nd1 Ka5 54. Bb2 Kb6 55. Bf3 Kc7 56. Kf1 Kd6 57. Nf2 Nd5 58. Bc1 Bc3 59. Bxd5 Kxd5 60. Nd1 Ba5 61. Ke2 Bd7 62. Bd2 Bc7 63. c4+ dxc3 64. Bxc3 Be6 65. Ne3+ Kc6 66. b4 Bd6 67. Nc2 cxb4 68. Nxb4+ Kb6 69. Nc2 Bb3 70. Nd4 Ba2 71. Nc2 Bb1 72. Nb4 Ka5 73. Nd5+ b4 74. Bd4 Ka4 75. Kd2 Ba2 76. Nf6 h5 77. h4 Be6 78. Kc2 b3+ 79. Kb2 Ba3+ 80. Ka1 Bb4 81. Bb2 Kb5 82. Ne8 Kc6 83. Bf6 Be1 84. Ng7 Bd5 85. g4 hxg4 86. h5 gxh5 87. Nxf5 g3 88. Bd4 Bf2 89. Kb2 Be6 90. Bxf2 gxf2 91. Ne3 h4 92. f5 Bxf5 93. Kxb3 h3 0-1

[Event "Select Six"]
[Site "Edmonton CAN"]
[Date "2000.06.02"]
[Round "1"]
[White "Huber, Gregory"]
[Black "Odachowski, Arthur"]
[Result "1/2-1/2"]
[WhiteElo "2324"]
[BlackElo "2327"]
[PlyCount "117"]
[GameId "2160767911711760"]
[EventDate "2000.06.02"]
[EventType "tourn"]
[EventRounds "5"]
[EventCountry "CAN"]
[SourceTitle "EXT 2017"]
[Source "ChessBase"]
[SourceDate "2016.10.25"]
[SourceVersion "1"]
[SourceVersionDate "2016.10.25"]
[SourceQuality "1"]

1. e4 c5 2. Nf3 d6 3. d4 cxd4 4. Nxd4 Nf6 5. Nc3 Nc6 6. Bc4 Qb6 7. Nb3 e6 8. Bg5 Ne5 9. Be2 Bd7 10. f4 Ng6 11. f5 Ne5 12. Rf1 O-O-O 13. Qd4 Qxd4 14. Nxd4 Be7 15. O-O-O a6 16. a3 Rhe8 17. h3 Ng8 18. Bf4 Bf6 19. g4 h6 20. fxe6 fxe6 21. Nf3 Bc6 22. Bxe5 dxe5 23. Bc4 b5 24. Ba2 Kc7 25. h4 Rxd1+ 26. Rxd1 Bd8 27. g5 hxg5 28. hxg5 Rf8 29. Rd3 Bd7 30. Kd1 Bc8 31. Ne2 Be7 32. c4 Bd6 33. b4 bxc4 34. Bxc4 Ne7 35. Nc3 Ng6 36. Na4 Bb7 37. Rc3 Kd7 38. Nd2 Rf4 39. Ke2 Rg4 40. Nb6+ Ke7 41. b5 axb5 42. Bxb5 Rxg5 43. a4 Rg2+ 44. Kd1 Rxd2+ 45. Kxd2 Bb4 46. Nc4 Bxc3+ 47. Kxc3 Bxe4 48. a5 Nf8 49. Nxe5 Kd6 50. Kd4 Bd5 51. a6 Ba8 52. a7 Kc7 53. Bc6 Bxc6 54. Nxc6 Kb7 55. Ke5 g5 56. Nd8+ Kxa7 57. Nf7 Nd7+ 58. Kxe6 g4 59. Kxd7 1/2-1/2

[Event "Select Six"]
[Site "Edmonton CAN"]
[Date "2000.06.03"]
[Round "2"]
[White "Odachowski, Arthur"]
[Black "Yoos, John"]
[Result "1/2-1/2"]
[WhiteElo "2327"]
[BlackElo "2446"]
[PlyCount "164"]
[GameId "2160767911711762"]
[EventDate "2000.06.02"]
[EventType "tourn"]
[EventRounds "5"]
[EventCountry "CAN"]
[SourceTitle "EXT 2017"]
[Source "ChessBase"]
[SourceDate "2016.10.25"]
[SourceVersion "1"]
[SourceVersionDate "2016.10.25"]
[SourceQuality "1"]

1. d4 Nf6 2. c4 g6 3. Nc3 Bg7 4. e4 d6 5. Be2 O-O 6. Nf3 e5 7. O-O Nc6 8. d5 Ne7 9. Ne1 Nd7 10. Nd3 f5 11. Bd2 Nf6 12. f3 Kh8 13. a4 a5 14. Ra3 c5 15. g4 Neg8 16. Be3 f4 17. Bf2 Ne8 18. Kg2 Bf6 19. Qe1 h5 20. h3 Nh6 21. Rh1 Rf7 22. Nc1 Rh7 23. Nb3 b6 24. Nd2 Raa7 25. Ra1 Rag7 26. Qg1 Kg8 27. Kf1 Nf7 28. Ke1 Kf8 29. Kd1 Rh8 30. Kc2 Rgh7 31. Qg2 Nc7 32. Rae1 Ke7 33. b3 Qf8 34. Kb2 Bd7 35. Kc2 Kd8 36. Nd1 Be7 37. Nc3 Rh6 38. Rd1 R8h7 39. Ra1 Na6 40. Na2 Qh8 41. Rhg1 hxg4 42. hxg4 Rh2 43. Qf1 Bh4 44. Rg2 Bxf2 45. Qxf2 Rxg2 46. Qxg2 Rh2 47. Qf1 Ng5 48. Re1 Qh4 49. Bd1 Ke7 50. Re2 Kf6 51. Qg1 Rh1 52. Qg2 Qh3 53. Qf2 Nf7 54. Re1 Rh2 55. Qf1 Qxf1 56. Rxf1 Kg5 57. Kd3 Kh4 58. Rg1 Ng5 59. Be2 Nh3 60. Re1 Nf2+ 61. Kc3 Nh1 62. Kc2 Ng3 63. Kd1 Rf2 64. Nc1 Nb4 65. Rg1 Kh3 66. Ke1 Rh2 67. Bf1+ Kh4 68. Rg2 Nc2+ 69. Kf2 Rh1 70. Rg1 Rh2+ 71. Rg2 Kh3 72. Rxh2+ Kxh2 73. Bg2 Ne3 74. Nf1+ Nexf1 75. Bxf1 Nh1+ 76. Ke1 Kg3 77. Be2 Nf2 78. Kf1 Nh3 79. Nd3 Ng5 80. Ne1 Bxg4 81. fxg4 Nxe4 82. Nf3 Nf6 1/2-1/2

[Event "Select Six"]
[Site "Edmonton CAN"]
[Date "2000.06.03"]
[Round "2"]
[White "Ottosen, David"]
[Black "Gardner, Robert"]
[Result "1/2-1/2"]
[WhiteElo "2132"]
[BlackElo "2305"]
[PlyCount "68"]
[GameId "2160767911711763"]
[EventDate "2000.06.02"]
[EventType "tourn"]
[EventRounds "5"]
[EventCountry "CAN"]
[SourceTitle "EXT 2017"]
[Source "ChessBase"]
[SourceDate "2016.10.25"]
[SourceVersion "1"]
[SourceVersionDate "2016.10.25"]
[SourceQuality "1"]

1. e4 c5 2. Nf3 d6 3. d4 cxd4 4. Nxd4 Nf6 5. Nc3 a6 6. Be3 e5 7. Nb3 Be6 8. Be2 Be7 9. O-O O-O 10. f4 exf4 11. Bxf4 Nc6 12. Nd5 Ne8 13. c3 Bg5 14. Qd2 Bxf4 15. Qxf4 Bxd5 16. exd5 Ne5 17. Nd4 Nf6 18. c4 Ng6 19. Qd2 Qb6 20. Rad1 Rfe8 21. Kh1 Re5 22. Nf3 Ne4 23. Qd4 Qxd4 24. Rxd4 Ng3+ 25. hxg3 Rxe2 26. Rd2 Rxd2 27. Nxd2 Re8 28. b4 Re2 29. Rd1 Ne5 30. Kg1 Ng4 31. Kf1 Rf2+ 32. Kg1 Re2 33. Kf1 Rf2+ 34. Kg1 Re2 1/2-1/2

[Event "Select Six"]
[Site "Edmonton CAN"]
[Date "2000.06.03"]
[Round "2"]
[White "Schulte, Oliver"]
[Black "Huber, Gregory"]
[Result "0-1"]
[WhiteElo "2453"]
[BlackElo "2324"]
[PlyCount "54"]
[GameId "2160767911711764"]
[EventDate "2000.06.02"]
[EventType "tourn"]
[EventRounds "5"]
[EventCountry "CAN"]
[SourceTitle "EXT 2017"]
[Source "ChessBase"]
[SourceDate "2016.10.25"]
[SourceVersion "1"]
[SourceVersionDate "2016.10.25"]
[SourceQuality "1"]

1. e4 c5 2. Nf3 d6 3. Nc3 Nc6 4. d4 cxd4 5. Nxd4 Nf6 6. Bc4 e6 7. Be3 a6 8. Bb3 Na5 9. g4 Nxb3 10. axb3 e5 11. Nf5 g6 12. Nh6 Bxh6 13. Bxh6 Nxg4 14. Bd2 f5 15. h3 Qh4 16. Qf3 Nf6 17. exf5 Bxf5 18. Qxb7 O-O 19. O-O-O d5 20. Nxd5 Be4 21. Nxf6+ Rxf6 22. Qb4 Rc8 23. c3 a5 24. Qa4 Rxf2 25. Rde1 Qd8 26. Be3 Qd3 27. Qxe4 Rc2+ 0-1

[Event "Select Six"]
[Site "Edmonton CAN"]
[Date "2000.06.03"]
[Round "3"]
[White "Odachowski, Arthur"]
[Black "Ottosen, David"]
[Result "1-0"]
[WhiteElo "2327"]
[BlackElo "2132"]
[PlyCount "65"]
[GameId "2160767911711765"]
[EventDate "2000.06.02"]
[EventType "tourn"]
[EventRounds "5"]
[EventCountry "CAN"]
[SourceTitle "EXT 2017"]
[Source "ChessBase"]
[SourceDate "2016.10.25"]
[SourceVersion "1"]
[SourceVersionDate "2016.10.25"]
[SourceQuality "1"]

1. d4 d5 2. c4 Nc6 3. Nf3 Bg4 4. e3 e5 5. dxe5 dxc4 6. Be2 Qxd1+ 7. Bxd1 O-O-O 8. Nbd2 Bb4 9. a3 Bxd2+ 10. Bxd2 Bxf3 11. gxf3 Nxe5 12. Bc3 Nd3+ 13. Ke2 f6 14. Rg1 Nh6 15. Rxg7 Nf5 16. Rg4 Rhg8 17. Bc2 b5 18. Rd1 Nh6 19. Rxg8 Nxg8 20. Bxd3 cxd3+ 21. Rxd3 c5 22. Rxd8+ Kxd8 23. e4 Kd7 24. f4 Ke6 25. f5+ Ke7 26. Bd2 Kf7 27. Be3 Ne7 28. Bxc5 Nc6 29. f4 a6 30. Kd3 Na5 31. Bb4 Nc4 32. b3 Nb6 33. Kd4 1-0

[Event "Select Six"]
[Site "Edmonton CAN"]
[Date "2000.06.03"]
[Round "3"]
[White "Schulte, Oliver"]
[Black "Gardner, Robert"]
[Result "1-0"]
[WhiteElo "2453"]
[BlackElo "2305"]
[PlyCount "39"]
[GameId "2160767911711766"]
[EventDate "2000.06.02"]
[EventType "tourn"]
[EventRounds "5"]
[EventCountry "CAN"]
[SourceTitle "EXT 2017"]
[Source "ChessBase"]
[SourceDate "2016.10.25"]
[SourceVersion "1"]
[SourceVersionDate "2016.10.25"]
[SourceQuality "1"]

1. e4 c5 2. Nf3 d6 3. d4 cxd4 4. Nxd4 Nf6 5. Nc3 a6 6. Bc4 e6 7. Bb3 b5 8. Bg5 h6 9. Bh4 g5 10. Bg3 b4 11. Na4 Nxe4 12. Qf3 Bb7 13. O-O-O Nc5 14. Qh5 Nxb3+ 15. axb3 Ke7 16. Rhe1 Kf6 17. Nxe6 fxe6 18. Be5+ Ke7 19. Bxh8 Qa5 20. Qg6 1-0